| 000 | 00547nam a2200133Ia 4500 | ||
|---|---|---|---|
| 008 | 100328s9999 xx 000 0 und d | ||
| 082 | _b43803 | ||
| 100 | _aसिंह राजेंद्र पाल | ||
| 245 | _aअंदमान और निकोबार व्दिपसमुह | ||
| 260 | _bप्रकाशन विभाग | ||
| 630 | _aअंदमान और निकोबार व्दिपसमुह | ||
| 730 | _aअंदमान और निकोबार व्दिपसमुह | ||
| 942 | _cBOOK | ||
| 999 |
_c532121 _d532118 |
||